00721nam a2200193 a 4500001000500000005001700005008004100022020001800063050002300081100002200104245004000126260005000166300002700216440002800243500005100271520012500322650004400447650003600491412820140414131850.0090209s19uu xx 00 eng d a0-7368-0404-8 aM 551.57bSc1 2000 aSchaefer, Lola M. aA Rainy day /cby Lola M. Schaefer. aMankato, Minnesota :bCapstone Press,cc2000. a24 p. : col., ill. cm. aWhat kind of day is it? aIncludes bibliographical references and index. aSimple text and photographs depict a rainy day, including the formation of rain and the actions of the people out in it. aRain and rainfallxJuvenile literature. aRaindropsxJuvenile literature.